El problema del hombre : (Registro nro. 57603)
[ vista simple ]
| 000 -LEADER | |
|---|---|
| fixed length control field | 00798nam a2200241 a 4500 |
| 001 - CONTROL NUMBER | |
| control field | 57603 |
| 005 - DATE AND TIME OF LATEST TRANSACTION | |
| control field | 20180714053848.0 |
| 008 - FIXED-LENGTH DATA ELEMENTS--GENERAL INFORMATION | |
| fixed length control field | 140415s1984 sp 000 0 spa d |
| 041 ## - LANGUAGE CODE | |
| Language code of text/sound track or separate title | spa |
| 082 0# - DEWEY DECIMAL CLASSIFICATION NUMBER | |
| Classification number | 121 |
| Item number | GEV |
| 100 1# - MAIN ENTRY--PERSONAL NAME | |
| Personal name | Gevaert, Joseph |
| Relator term | autor |
| 245 10 - TITLE STATEMENT | |
| Title | El problema del hombre : |
| Remainder of title | introducción a la antropología filosófica, / |
| Statement of responsibility, etc. | Joseph Gevaert, traducción de Alfonso Ortíz. |
| 250 ## - EDITION STATEMENT | |
| Edition statement | 6a ed. |
| 260 ## - PUBLICATION, DISTRIBUTION, ETC. | |
| Place of publication, distribution, etc. | España : |
| Name of publisher, distributor, etc. | Ediciones sígueme, |
| Date of publication, distribution, etc. | 1984. |
| 300 ## - PHYSICAL DESCRIPTION | |
| Extent | 353 páginas ; |
| Dimensions | 21cm. |
| 336 ## - CONTENT TYPE | |
| Content type term | texto |
| Source | rdacontent |
| 337 ## - MEDIA TYPE | |
| Media type term | sin mediación |
| Source | rdamedia |
| 338 ## - CARRIER TYPE | |
| Carrier type term | volumen |
| Source | rdacarrier |
| 490 0# - SERIES STATEMENT | |
| Series statement | Luy mundi |
| Volume/sequential designation | 48 |
| 500 ## - GENERAL NOTE | |
| General note | ESTE LIBRO SE DESCARTA POR SER FOTOCOPIA |
| 650 04 - SUBJECT ADDED ENTRY--TOPICAL TERM | |
| Topical term or geographic name entry element | Antropología filosófica |
| 700 1# - ADDED ENTRY--PERSONAL NAME | |
| Personal name | Ortíz, Alfonso |
| Relator term | traducción |
| Withdrawn status | Lost status | Source of classification or shelving scheme | Damaged status | Not for loan | Collection code | Home library | Current library | Shelving location | Date acquired | Source of acquisition | Inventory number | Total Checkouts | Full call number | Barcode | Date last seen | Price effective from | Koha item type | Date last checked out |
|---|---|---|---|---|---|---|---|---|---|---|---|---|---|---|---|---|---|---|
| Descarte | Dewey Decimal Classification | Biblioteca Karol Wojtyla | Biblioteca Karol Wojtyla | 03/12/2013 | Compra | 121 GEV | 8709 | 04/05/2015 | 20/11/2015 | Libro | 04/05/2015 | |||||||
| Dewey Decimal Classification | General | Centro de Estudios en Ciencia y Religión | Centro de Estudios en Ciencia y Religión | Sala general | 28/01/2015 | Compra | 151000000000000000078061 | 128 GEV 2008 | 93352 | 05/01/2026 | 20/11/2015 | Libro |